000 00339nam a2200157Ia 4500
100 _aTurban/Erfrain
650 _aInformation technology
250 _a6
942 _cBK
245 _aInformation technology for management
260 _bWiley India
_c2008
082 _a5.74
_bTUR
300 _a700
546 _aENGLISH
999 _c18974
_d18974